000 00553nam a2200181Ia 4500
005 20250508162721.0
008 008 250505s9999 xx 000 0 eng d
037 _aTextual
040 _aFEDL
_beng
_cFEDL
041 _aeng
_2eng
084 _a922, IND
_qFEDL
245 0 _aRamayana, Mahabharata and Bhagavata writers
245 0 _cGovernment of India. Ministry of Information and Broadcasting
260 _aNew Delhi, India
_bGovenrment of India
_c1981
300 _axi,135p.
942 _cTEXL
_h922, IND
999 _c1378273
_d1378273